| 000 | 00404nam a2200169Ia 4500 | ||
|---|---|---|---|
| 005 | 20250423101744.0 | ||
| 008 | 250422s9999 xx 000 0 und d | ||
| 020 | _a0- 201- 71098- 6 | ||
| 050 | _aQA 76.76 .H94 C3697/ | ||
| 100 | _aCastro, Elizabeth | ||
| 245 | 0 | _aXML for the world wide web | |
| 260 | _aCalifornia | ||
| 260 | _bPeachpit Press | ||
| 260 | _c2001 | ||
| 300 | _a270 p | ||
| 942 | _cBK | ||
| 999 |
_c37182 _d37182 |
||